Guess the Opera by its One-Sentence Description - Statistics

General Stats
  • This quiz has been taken 197 times
  • The average score is 5 of 15
Answer Stats
Hint Answer % Correct
Leading lady dies of tuberculosis in the end. La traviata / La bohème
71%
A couple of kids murder a cannibal inside her own edible house. Hänsel & Gretel
63%
Womanizer invites the wrong guy to dinner. Don Giovanni
58%
A woman waits three years for her husband to come back, only to find out he had a child with another woman and the best name he could come up with was "sorrow" in Italian. Madama Butterfly
56%
A strip tease and a head on a platter ends this Biblical opera. Salome
47%
The Illuminati were the good guys the whole time! Die Zauberflöte
37%
A man almost marries his mother if it weren't for his spatula shaped birthmark. Le nozze di Figaro
37%
Woman kills a man who doesn't know the meaning of consent; later kills herself after her true love played dead a little too well... Tosca
35%
Mao Zedong invites his guests to watch a very graphic ballet before they leave. Nixon in China
33%
Vengeful clown sends hit man to kill his boss, it does NOT work. Rigoletto
33%
Two men try and cheat on each others' wives to test their wives' faithfulness. Così fan tutte
21%
A woman was burned at the stake, so her daughter burned a child in revenge...unrequited love...anvils...actually, good luck with this one. Il trovatore
20%
Due to a leap-year loophole, a man is bound to his marauding duties. The Pirates of Penzance
13%
When you get married to a man you don't love, the only option is to stab him to death on your wedding night. Lucia di Lammermoor
9%
The best way to a woman's heart is not by getting drunk, but by having very rich, recently-deceased uncles. L'elisir d'amore
7%
No matching quizzes found
Score Distribution
Percent of People with Each Score
Percentile by Number Answered
Your Score History
You have not taken this quiz